000 00402nam a2200121Ia 4500
008 160609s9999 xx 000 0 und d
100 _aLee, Kate Kiefer.
245 _aNicely Said: Writing For The Web With Style And Purpose
245 _cBy:Kate Kiefer Lee, Nicole Fenton
260 _c2014
650 _xMULTIMEDIA WRITING
856 _uhttp://file.ebook777.com/005/NicSaiWriForTheWebWitStyAndPur.zip
999 _c295643
_d295643